000 00909naa a2200217 i 4500
001 76623
003 ES-MaBCM
005 20241016120401.0
008 010720s2001 fra 000 0 fre d
021 _axx
035 _a(OCoLC)1365153403
040 _cES-MaBCM
041 0 _afre
043 _afra
100 1 _aZakr, Nasser
_950008
245 1 0 _aApproche analytique du crime contre l'humanité en droit international
_cNasser Zakr
520 _aAspectos jurídicos del crimen contra la humanidad en derecho internacional. La calificación jurídica del crimen contra la humanidad en el Estatuto de los tribunales penales internacionales pra Ruanda y ex-Yugoslavia. Genocidio y crimen contra la humanidad
650 2 7 _aCrimen contra la humanidad
_958187
773 0 _aEn:
_tRevue générale de droit international public
_dParis : 2001
_w104678
_gv.105, nº 2, p. 281-306. - Loc. S.279
942 _cAREV
999 _c76623
_d76623